000 00664nam a2200253Ia 4500
003 OSt
005 20221006145147.0
006 a|||||r|||| 00| 0
007 ta
008 221006b |||||||| |||| 00| 0 eng d
020 _cP9.95
024 _a13,970
037 _cTextual
040 _aEASL
_cEASL
_beng
041 _2eng
_aeng
082 _aV73594wM80, L9
100 _aMANCHESTER william
245 0 _aAmerican caesar
_b Douglas MacArthur 1880-1964
260 _aLondon
_bHutchinson
_c1979
300 _a794p.
_ccm.
490 _v Oth
942 _hV73594wM80, L9
_cTEXL
_2CC
999 _c1082056
_d1082056